000 00484nam a2200157Ia 4500
003 GCL
008 140319s9999 xx 000 0 eng d
040 _aGCL /
_cGCL
082 0 4 _a511.33
_bR A
100 1 _aRAISINGHANIA, M.D.
245 1 0 _aADVANCED DIFFERENTIAL EQUATIONS : INCLUDING BOUNDARY VALUE PROBLEMS AND INTEGRAL TRANSFORMS. /
_cRAISINGHANIA, M.D.
260 _a[S.N] :
_bS. CHAND & COMPANY LTD ،
_c1991
650 0 4 _aMATHEMATICS
650 0 4 _aEQUATIONS
942 _2ddc
_cBK
999 _c19769
_d19769